000 00822nam0a22002771 4500
001 2560516
005 20251118181723.0
021 _aRU
_b80-1088
035 _a(NLR Aleph) 006445701
090 _a5686431
_c5686431
100 _a20110316d1979 u y0rusy50 ca
101 1 _arus
_aeng
_cest
102 _aRU
105 _aac z |||||
200 1 _aThe revolutionary summer of 1940 in Estonia
_fOlaf Kuuli
_gTransl. from Estonian by Mai Käppa
210 _aTallinn
_cPerioodika
_d1979
215 _a35 с., 8 л. ил., портр.
_d20
686 _aТ3(2Э)721,02
_2rubbk
700 1 _aКуули
_bО.Х.
_gОлаф Хансович
702 1 _aKäppa
_bM.
_gMai
_4730
801 0 _aRU
_bNLR
_gpsbo
801 1 _aRU
_bELAR
_2rusmarc
852 _aNLR
_jDesideratum
899 _aRuMoRGB
_jM 80-14/7
942 _cBOOK
980 _aNB